| 000 | 00491nab a2200145Ia 4500 | ||
|---|---|---|---|
| 003 | ES-SlBCS | ||
| 005 | 20210601125232.0 | ||
| 008 | 140529s1974 xxu||||| |||| 00| 0 eng d | ||
| 041 | _aeng | ||
| 100 | 1 |
_aTownsend, Dabney W. _9152556 |
|
| 245 | 0 | 0 |
_aPhenomenology and the Form of the Novel: Toward an Expanded Critical Method _c Dabney W. Townsend |
| 650 | 0 | 4 |
_aFenomenología _986431 |
| 773 | 0 |
_tPhilosophy and Phenomenological Research _gvol. 34, 1974, págs. 331-338 _wRev1411 |
|
| 942 | _cAR | ||
| 999 |
_c526996 _d526996 |
||